000 00288nam a2200121Ia 4500
008 190216s9999||||xx |||||||||||||| ||und||
100 _aJohn Osborne
245 0 _aLook Back In Anger
260 _bOxford University Press
_c1957
300 _a157p
650 _aEnglish Drama
942 _cBK
999 _c14082
_d14082